[Event "Barcelona Sant Marti op-A 22nd"]
[Site "Barcelona"]
[Date "2022.07.20"]
[Round "8"]
[White "Leon, Vladimir"]
[Black "Ballom, Stephanie"]
[Result "0-1"]
[WhiteElo "1829"]
[BlackElo "1888"]
[PlyCount "76"]
[EventDate "2022.07.13"]
[EventType "swiss"]
[EventRounds "9"]
[EventCountry "ESP"]
[SourceTitle "CBM 209 Extra"]
[Source "ChessBase"]
[SourceDate "2022.09.30"]
[SourceVersion "1"]
[SourceVersionDate "2022.09.30"]
[SourceQuality "1"]

1. e4 c5 2. c3 d5 3. exd5 Qxd5 4. d4 Nf6 5. Nf3 e6 6. Na3 Be7 7. Bc4 Qh5 8. 0-0 0-0 9. Nc2 a6 10. a4 Rd8 11. Qe2 b6 12. dxc5 bxc5 13. Re1 Bb7 14. Bf4 Nc6 15. Rad1 Rxd1 16. Rxd1 Na5 17. Ba2 Nd5 18. Bg3 Bc6 19. Bxd5 Bxd5 20. b4 Nc4 21. bxc5 Bxc5 22. Ncd4 Rc8 23. Rc1 Qh6 24. Qe1 Nb2 25. Ra1 Nc4 26. Ne5 f5 27. Nxc4 Bxc4 28. Be5 Bd5 29. Qe2 Be7 30. Qxa6 Rxc3 31. Ne2 Rc2 32. Nf4 Rc6 33. Qa7 Qg5 34. g3 Kf7 35. Re1 Be4 36. a5 Qg4 37. Qd7 Qf3 38. Rxe4 Rc1+ 0-1

[Event "Barcelona Sant Marti op-A 22nd"]
[Site "Barcelona"]
[Date "2022.07.18"]
[Round "6"]
[White "Leon, Vladimir"]
[Black "Alcaraz Lopez, Francesco"]
[Result "0-1"]
[WhiteElo "1829"]
[BlackElo "1802"]
[PlyCount "112"]
[EventDate "2022.07.13"]
[EventType "swiss"]
[EventRounds "9"]
[EventCountry "ESP"]
[SourceTitle "CBM 209 Extra"]
[Source "ChessBase"]
[SourceDate "2022.09.30"]
[SourceVersion "1"]
[SourceVersionDate "2022.09.30"]
[SourceQuality "1"]

1. e4 d6 2. g3 g6 3. Bg2 Bg7 4. d3 e5 5. Ne2 Ne7 6. Bg5 h6 7. Be3 0-0 8. Qd2 Kh7 9. Nbc3 c5 10. f4 f5 11. fxe5 dxe5 12. Bxc5 Nbc6 13. Nd5 Rf7 14. Nec3 Be6 15. Nxe7 Nxe7 16. 0-0 Qd7 17. Rae1 a6 18. a3 Rd8 19. Qe3 Nc6 20. Ne2 Re8 21. c3 Rd8 22. Rd1 Bb3 23. Rd2 Bf6 24. h4 f4 25. gxf4 Bxh4 26. Bh3 Be6 27. Bxe6 Qxe6 28. Qf3 Rg8 29. Qg2 Qd7 30. d4 exf4 31. Rxf4 Bg5 32. Rxf7+ Qxf7 33. Rd1 Qc7 34. d5 Na5 35. Bd4 Nc4 36. Nc1 Rf8 37. Rf1 Rxf1+ 38. Qxf1 Qg3+ 39. Kh1 Qh4+ 40. Kg1 Qg4+ 41. Qg2 Qxg2+ 42. Kxg2 Bxc1 43. b3 Nxa3 44. d6 Bg5 45. Bb6 Kg8 46. d7 Kf7 47. d8Q Bxd8 48. Bxd8 Nb5 49. Ba5 Ke6 50. Kf3 g5 51. Ke3 h5 52. c4 Nd6 53. Bd8 Nf7 54. Ba5 h4 55. Be1 Ne5 56. Kf2 Nd3+ 0-1

[Event "Barcelona Sant Marti op-A 22nd"]
[Site "Barcelona"]
[Date "2022.07.15"]
[Round "3"]
[White "Fabregas Fontanet, Antonio"]
[Black "Leon, Vladimir"]
[Result "1-0"]
[WhiteElo "1937"]
[BlackElo "1829"]
[PlyCount "71"]
[EventDate "2022.07.13"]
[EventType "swiss"]
[EventRounds "9"]
[EventCountry "ESP"]
[SourceTitle "CBM 209 Extra"]
[Source "ChessBase"]
[SourceDate "2022.09.30"]
[SourceVersion "1"]
[SourceVersionDate "2022.09.30"]
[SourceQuality "1"]

1. e4 e5 2. Nf3 Nc6 3. Bb5 f5 4. d4 fxe4 5. Nxe5 Nf6 6. 0-0 Bd6 7. f4 Qe7 8. Nc3 Nxd4 9. Bc4 Bxe5 10. fxe5 Qxe5 11. Rxf6 gxf6 12. Be3 Ne6 13. Bxe6 Qxe6 14. Nd5 Kd8 15. Qh5 c6 16. Nxf6 h6 17. Qh4 Kc7 18. Bf4+ Kb6 19. Nxe4 Qc4 20. Qf2+ c5 21. Nxc5 Kc6 22. Nd3 d6 23. b3 Qc3 24. Qf3+ Kc7 25. Rd1 Qc6 26. Qg3 Rd8 27. Ne5 Qxc2 28. Rc1 Qxc1+ 29. Bxc1 dxe5 30. Qxe5+ Kc6 31. Qc3+ Kd6 32. Ba3+ Ke6 33. Qe3+ Kf5 34. Qxh6 Bd7 35. Be7 Re8 36. Qh3+ 1-0